000
00326nam a22001457a 4500
008
210519b ||||| |||| 00| 0 eng d
020
_a
9780558583439
041
_a
eng
080
_2
4th
_a
510
082
_a
510
100
_a
36
101
_a
MAT
245
_a
Algebra and Trigonometry
_c
Daniel S. Miller
942
_2
udc
_c
BK
999
_c
57534
_d
57534